00851nam a22002057a 450000500170000001000150001702000260003203500140005803700090007208200110008110000250009224501560011726000460027327000660031930000220038570000350040794200220044299900190046495201620048320250929110741.0 aENG-146878 a9789369582341c599.00 aEN-130410 bDBAD 21a000 aSrikant Singh985248 aToppers Vocabulary (English-Hindi) : cSrikant Singh [and] Vivek TripathibThe best book on English Vocabulary for SSC, UPSC, Bank, CLAT & Other Exams/ aUttar PradeshbS. Chand Publishing c2025 aD-92, Sector-2, Noida bUttar Pradeshe201301k61-120-4682700 a754p. c27cm(pb)  aTripathi, VivekeAuthor985249 2ddccENh000mSRI c213486d213486 001040708NFICaLbLd2025-09-29eDelivery of Books Act Divisiong599.00l3o000 SRIpEN-130410r2025-11-26 00:00:00s2025-11-07t1v599.00w2025-09-29yEN